书目信息 |
| 题名: |
雪峰寓言
|
|
| 作者: | 冯雪峰 著 | |
| 分册: | ||
| 出版信息: | 北京 人民文学出版社 1981.6 |
|
| 页数: | 230页 | |
| 开本: | 20cm | |
| 丛书名: | ||
| 单 册: | ||
| 中图分类: | I276.4 | |
| 科图分类: | ||
| 主题词: | 民间文学--中国 | |
| 电子资源: | ||
| ISBN: | ||
| 000 | 00516nam0 2200193 45 | |
| 001 | 0312221749 | |
| 005 | 20060913145643.37 | |
| 010 | @dCNY0.67 | |
| 091 | @a10019.3143 | |
| 100 | @a20031222d1981 km y0chiy0120 ea | |
| 101 | @achi | |
| 200 | 1 | @a雪峰寓言@AXue Feng Yu Yan@e续编@f冯雪峰著@FFeng Xue Feng Zhu |
| 210 | @a北京@c人民文学出版社@d1981.6 | |
| 215 | @a230页@d20cm | |
| 606 | 0 | @a民间文学@x中国 |
| 690 | @aI276.4@v3 | |
| 701 | 0 | @a冯雪峰@4著 |
| 801 | @aCN@bTSTCL@c20060913 | |
| 905 | @dI276.4@e26:2@f3@b64874-876 | |
| 雪峰寓言:续编/冯雪峰著.-北京:人民文学出版社,1981.6 |
| 230页;20cm |
| ISBN :CNY0.67 |
| ● |
| 相关链接 |
|
|
|
|
正题名:雪峰寓言
索取号:I276.4/26:2
 
预约/预借
| 序号 | 登录号 | 条形码 | 馆藏地/架位号 | 状态 | 备注 |
| 1 | 0064873 | 001797700 | 密集书库/ [索取号:I276.4/26:2] | 在馆 | |
| 2 | 0064874 | 000036972 | 第二借阅区/ [索取号:I276.4/26:2] | 在馆 | |
| 3 | 0064875 | 000036990 | 第二借阅区/ [索取号:I276.4/26:2] | 在馆 | |
| 4 | 0064876 | 000036981 | 第二借阅区/ [索取号:I276.4/26:2] | 在馆 | |
| 5 | 0064877 | 000037016 | 第一样本阅览室/ [索取号:I276.4/26:2] | 在馆 | |
| 6 | 0420386 | 204203860 | 密集书库/ [索取号:I276.4/26:2] | 在馆 | |
| 7 | 0420387 | 204203879 | 密集书库/ [索取号:I276.4/26:2] | 在馆 | |
| 8 | 0472335 | 204723353 | 密集书库/ [索取号:I276.4/26:2] | 在馆 |